Consumer Behavior (Record no. 4536)

MARC details
000 -LEADER
fixed length control field 00337nam a2200145Ia 4500
008 - FIXED-LENGTH DATA ELEMENTS--GENERAL INFORMATION
fixed length control field 191201s2009 xx 000 0 und d
082 ## - DEWEY DECIMAL CLASSIFICATION NUMBER
Classification number 658.87
Item number BLC
100 ## - MAIN ENTRY--PERSONAL NAME
Personal name BLACKWELL, Roger
245 #0 - TITLE STATEMENT
Title Consumer Behavior
250 ## - EDITION STATEMENT
Edition statement Rep
260 ## - PUBLICATION, DISTRIBUTION, ETC. (IMPRINT)
Place of publication, distribution, etc N.Delhi
Name of publisher, distributor, etc South western
Date of publication, distribution, etc 2009
300 ## - PHYSICAL DESCRIPTION
Extent 784
650 ## - SUBJECT ADDED ENTRY--TOPICAL TERM
Topical term or geographic name as entry element B.Tech(ME)
942 ## - ADDED ENTRY ELEMENTS (KOHA)
Source of classification or shelving scheme Dewey Decimal Classification
Koha item type Text Books
Holdings
Withdrawn status Lost status Source of classification or shelving scheme Damaged status Not for loan Collection code Home library Current library Date acquired Source of acquisition Cost, normal purchase price Bill Number Total Checkouts Full call number Acc. no. / Barcode Date last seen Bill Date Koha item type Date last borrowed
    Dewey Decimal Classification     MBA PIET C-LIBRARY PIET C-LIBRARY 11/06/2010 The book company 429.00 IN-1484   658.8342 BLC 15520 04/12/2019 07/06/2010 Text Books  
    Dewey Decimal Classification     MBA PIET C-LIBRARY PIET C-LIBRARY 11/06/2010 The book company 429.00 IN-1484   658.8342 BLC 15521 04/12/2019 07/06/2010 Text Books  
    Dewey Decimal Classification     MBA PIET C-LIBRARY PIET C-LIBRARY 11/06/2010 The book company 429.00 IN-1484   658.8342 BLC 15522 04/12/2019 07/06/2010 Text Books  
    Dewey Decimal Classification     MBA PIET C-LIBRARY PIET C-LIBRARY 11/06/2010 The book company 429.00 IN-1484 1 658.8342 BLC 15523 24/04/2025 07/06/2010 Text Books 31/07/2023
    Dewey Decimal Classification     MBA PIET C-LIBRARY PIET C-LIBRARY 11/06/2010 The book company 429.00 IN-1484   658.8342 BLC 15524 04/12/2019 07/06/2010 Text Books  

Design & Developed by: PIET Central Library
R70 Miles Stone Pattikalyana Samalkha Panipat 132102
mail ID :- [email protected], Phone No:- 0180-2569700 Ex.216